000 00622nam a2200229Ia 4500
003 OSt
005 20220928102404.0
006 a|||||r|||| 00| 0
007 ta
008 220927b |||||||| |||| 00| 0 eng d
024 _a57183
037 _cTextual
040 _aSDCL
_cSDCL
_beng
041 _2eng
_aeng
082 _aO157,3M38,9, M3
100 _aChattoupdayay Vanikchandra
_9398019
245 0 _aDurgeshnandni.
260 _aDelhi
_bBharti Bhasha Prakashan
_c1983
300 _a157p.
_ccm.
942 _hO157,3M38,9, M3
_cTEXL
_2CC
999 _c713850
_d713850